| 000 | 00919nam a2200289Ia 4500 | ||
|---|---|---|---|
| 003 | GCL | ||
| 008 | 140319s9999 xx 000 0 ara d | ||
| 040 |
_aGCL / _cGCL |
||
| 082 | 0 | 4 |
_a935 _bم ح |
| 100 | 1 | _aالسيد يعقوب بكر | |
| 245 | 1 | 0 |
_aالحضارات السامية القديمة / _cالسيد يعقوب بكر |
| 700 | 1 | _aمحمد القصاص | |
| 700 | 1 | _aموسكاتى ، سبتينو | |
| 260 |
_aالقاهرة : _bدار الكاتب العربى للطباعة والنشر ، _c0 |
||
| 300 |
_a423 ص ؛ _c24 سم |
||
| 650 | 0 | 4 | _aالعرب |
| 650 | 0 | 4 | _aالعبرانيون |
| 650 | 0 | 4 | _aالبابليون |
| 650 | 0 | 4 | _aالحضارة القديمة |
| 650 | 0 | 4 | _aالاشوريون |
| 650 | 0 | 4 | _aالسامية |
| 650 | 0 | 4 | _aالسومرية |
| 650 | 0 | 4 | _aالسومريون |
| 650 | 0 | 4 | _aالكنعانيون |
| 650 | 0 | 4 | _aالاراميون |
| 942 |
_2ddc _cBK |
||
| 999 |
_c42487 _d42487 |
||